01801nam a22002057a 4500003001700000005001700017008004100034020001800075040000700093041001200100082001700112100001700129245006700146260004200213300002600255365006200281520118500343650003301528700003401561St Aloysius Coll20250729112852.0250729b |||||||| |||| 00| 0 eng d a9789364371063 cAL aEnglish a540.02bGUPN aPreeti Gupta aNTA CSIR UGC NET Set Chemical Sciencesb: JRF and Lecturership aNew DelhibArihant Publicationsc2025 a1364pbPBc27x21.5cm. 2Generala1941b₹796.00c₹d₹995.00e20%f14-07-2025 aChemical Periodicity and Chemistry of Main Group Elements, Chemical Bonding and Structure of Molecules, Acid-Base Chemistry, s-Block Elements, p-Block Element, p-Block Elements-I (Group 13), The p-Block Element-II, Noble Gases, d-Block Elements or Transition Elements, Coordination Chemistry, Inner Transition Elements, Organometallic Compounds, Analytical Chemistry, Bioinorganic Chemistry, Coordination Compounds, Part-II, Nuclear Chemistry, Quantum Mechanics or Wave Mechanics, Atomic Structure and Quantum Theory, Chemical Bonding and Diatomics, Molecular Symmetry and Group Theory, Molecular Spectroscopy, Thermodynamics, Statistical Thermodynamics, Electrochemistry, Chemical Kinetics, Surface Chemistry, Solid State, Data Analysis, IUPAC Nomenclature of Organic Compounds, Stereochemistry, Aromaticity, Organic Reaction Mechanism and Reactive Intermediates, Common Named Reactions and Rearrangements, Organic Transformations and Reagents, Concept in Organic Synthesis and Asymmetric Synthesis, Pericyclic Reactions, Photochemistry, Heterocyclic Compounds, Chemistry of Natural Products, Interdisciplinary Topics, Sample Questions Provided on CSIR Website, Solved Paper 2024 2ChemistryaChemical Sciences aTomar, AdityadSharma, Naveen